| 000 | 00589nam a22002417a 4500 | ||
|---|---|---|---|
| 003 | UA-OsUOA | ||
| 001 | 26053 | ||
| 007 | ta | ||
| 008 | 20040511b un ||||| |||| 00| 0 ukr d | ||
| 100 | _aМаланчук В.А. | ||
| 090 |
_a39 _bМ18 |
||
| 942 | _cBK | ||
| 040 |
_aUA-OsUOA _bukr _cUA-OsUOA _dUA-OsUOA |
||
| 245 | _aЕтнографічна діяльність В.Ю. Охримовича | ||
| 300 | _a139 с. | ||
| 955 | _a0 | ||
| 041 | _aukr | ||
| 080 | _a39 | ||
| 260 |
_aКиїв _bНаукова думка _c1972 |
||
| 044 | _aUA | ||
| 650 | 7 | _2UDC | |
| 999 |
_c312361 _d312361 |
||